000 00921nam a2200217Ii 4500
003 JO-AjNU
008 230605s9999||||xx |||||||||||||| ||und||
020 _a978-9948-499-92-3
040 _aJO-AjNU
_bara
_erda
_cJO-AjNU
041 _aara
050 1 4 _aBP900 2014
100 3 _aالعبيدي، ابراهيم عبد اللطيف,
_eauthor
_950825
245 0 0 _aالكفيل : الآثار المترتبة على عقد الكفالة المالية في الشريعة الإسلامية والقانون الإماراتي
250 _aط1
264 3 1 _aدبي: دائرة الشؤون الإسلامية والعمل الخيري، 2014
300 _a144ص
336 _atext
_btxt
_2rdacontent
337 _aunmediated
_bn
_2rdamedia
338 _avolume
_bnc
_2rdacarrier
650 4 _aالضمانات المالية- قوانين وتشريعات- القانون التجاري- فقه اسلامي
_950826
999 _aA22412
_c25980
_d25980